[Event "Frankfurt Ch 2009"]
[Site "Ffm-Kalbach, LAZ"]
[Date "2009.04.27"]
[Round "1.1"]
[White "Govciyan, Pavel"]
[Black "Frank, Andreas"]
[Result "1-0"]
[WhiteElo "2412"]
[BlackElo "1824"]
[PlyCount "37"]
[EventDate "2009.??.??"]
[WhiteTeam "vereinslos"]
[BlackTeam "Biebertaler Sfr."]

1. d4 Nf6 2. c4 g6 3. Nc3 Bg7 4. e4 d6 5. Nge2 c6 6. Ng3 Qc7 7. Be2 e5 8. d5 h5
9. h4 a5 10. Bg5 Na6 11. Qd2 Bg4 12. Rd1 Bxe2 13. Ngxe2 Rd8 14. f4 Nc5 15. fxe5
Nfxe4 16. Nxe4 Nxe4 17. Qe3 cxd5 18. Rxd5 Qxc4 19. Rd4 1-0

[Event "Frankfurt Ch 2009"]
[Site "Ffm-Kalbach, LAZ"]
[Date "2009.04.27"]
[Round "1.2"]
[White "Neumann, Manfred"]
[Black "Dubiel, Jacek"]
[Result "0-1"]
[WhiteElo "1779"]
[BlackElo "2397"]
[PlyCount "58"]
[EventDate "2009.??.??"]
[WhiteTeam "SC 1961 König Nied"]
[BlackTeam "vereinslos"]

1. c4 e6 2. Nc3 d5 3. d4 Nf6 4. Bg5 Be7 5. e3 h6 6. Bh4 O-O 7. Nf3 b6 8. cxd5
Nxd5 9. Bxe7 Qxe7 10. Bd3 Bb7 11. O-O c5 12. Rc1 Rd8 13. Bb1 cxd4 14. Nxd5 Bxd5
15. Qc2 g6 16. Ne5 Nd7 17. exd4 Nxe5 18. dxe5 Kg7 19. f4 Rac8 20. Qf2 Rxc1 21.
Rxc1 Rd7 22. b3 Bb7 23. Qe2 Qb4 24. Rd1 Rxd1+ 25. Qxd1 Qxf4 26. Qe1 Qd4+ 27.
Kh1 Qb2 28. Qf1 Bxg2+ 29. Qxg2 Qxb1+ 0-1

[Event "Frankfurt Ch 2009"]
[Site "Ffm-Kalbach, LAZ"]
[Date "2009.04.27"]
[Round "1.3"]
[White "Telljohann, Sven"]
[Black "Bastian, Holger"]
[Result "1-0"]
[WhiteElo "2415"]
[BlackElo "1774"]
[PlyCount "51"]
[EventDate "2009.??.??"]
[WhiteTeam "Sfr. Schöneck"]
[BlackTeam "SC S.-W. Schweinheim"]

1. c4 Nf6 2. Nf3 g6 3. g3 Bg7 4. Bg2 O-O 5. O-O d6 6. Nc3 e5 7. d3 Nc6 8. Rb1
Rb8 9. b4 Bd7 10. a4 Ng4 11. b5 Ne7 12. Qb3 c6 13. h3 Nf6 14. Bg5 h6 15. Bxf6
Bxf6 16. Ne4 Bg7 17. Nxd6 Bxh3 18. Nxb7 Qc8 19. Na5 Bxg2 20. Kxg2 Qg4 21. Qa3
Nf5 22. Nxc6 h5 23. e4 g5 24. exf5 h4 25. Rh1 Qxf5 26. Ne7+ 1-0

[Event "Frankfurt Ch 2009"]
[Site "Ffm-Kalbach, LAZ"]
[Date "2009.04.27"]
[Round "1.4"]
[White "Zimmer, Gerald"]
[Black "Reschke, Stefan"]
[Result "1/2-1/2"]
[WhiteElo "1772"]
[BlackElo "2375"]
[PlyCount "82"]
[EventDate "2009.??.??"]
[WhiteTeam "SC Bergen-Enkheim 1922"]
[BlackTeam "VSG 1880 Offenbach"]

1. d4 Nf6 2. Nf3 d6 3. e3 g6 4. b3 Bg7 5. Bb2 O-O 6. Bd3 Nbd7 7. O-O e5 8. dxe5
Ng4 9. Nbd2 Ngxe5 10. Rb1 Nxd3 11. cxd3 Ne5 12. Qc2 Bg4 13. h3 Bd7 14. Rbc1 Rc8
15. Rfd1 c5 16. Ne1 Qe7 17. e4 Bh6 18. Rb1 f5 19. f3 b5 20. a4 a6 21. axb5 axb5
22. Ra1 fxe4 23. dxe4 Rf7 24. Ra6 Nc6 25. Bc3 Be6 26. Qd3 c4 27. bxc4 bxc4 28.
Nxc4 Nb8 29. Nxd6 Rxc3 30. Qxc3 Nxa6 31. Nxf7 Kxf7 32. Qh8 Bg7 33. Qd8 Qc5+ 34.
Kh1 Bf6 35. Qd6 Qb5 36. Nc2 Be5 37. Qd3 Qxd3 38. Rxd3 h5 39. Ra3 Nc7 40. Ra7
Kf6 41. Nb4 Nb5 1/2-1/2

[Event "Frankfurt Ch 2009"]
[Site "Ffm-Kalbach, LAZ"]
[Date "2009.04.27"]
[Round "1.5"]
[White "Malek, Daniel"]
[Black "Trumpfheller, Roland"]
[Result "1-0"]
[WhiteElo "2313"]
[BlackElo "1770"]
[PlyCount "43"]
[EventDate "2009.??.??"]
[WhiteTeam "SV Oberursel"]
[BlackTeam "SC 1926 Kahl"]

1. c4 Nf6 2. Nc3 c6 3. d4 d5 4. Nf3 dxc4 5. a4 Bf5 6. Ne5 e6 7. f3 Nbd7 8. e4
Bg6 9. Nxc4 Bb4 10. Bf4 Nb6 11. Ne5 Qe7 12. a5 Nbd7 13. a6 Nxe5 14. dxe5 Nxe4
15. fxe4 Bxe4 16. axb7 Qxb7 17. Ba6 Qb6 18. Qe2 Bd5 19. Be3 Qc7 20. O-O O-O 21.
Qg4 Rfb8 22. Rf2 1-0

[Event "Frankfurt Ch 2009"]
[Site "Ffm-Kalbach, LAZ"]
[Date "2009.04.27"]
[Round "1.6"]
[White "Benikhis, Avram"]
[Black "Zude, Erik"]
[Result "0-1"]
[WhiteElo "1762"]
[BlackElo "2377"]
[PlyCount "102"]
[EventDate "2009.??.??"]
[WhiteTeam "SC Eschbach i. USI-Land"]
[BlackTeam "SV 1920 Hofheim"]

1. e4 c5 2. Nf3 d6 3. d4 cxd4 4. Nxd4 Nf6 5. Nc3 e6 6. Be2 Be7 7. O-O O-O 8.
Be3 Nc6 9. Qd2 Nxd4 10. Bxd4 b6 11. Rad1 Bb7 12. f3 Rc8 13. Nb5 a6 14. Bxf6
gxf6 15. Nxd6 Bxd6 16. Qxd6 Qxd6 17. Rxd6 Rxc2 18. Rxb6 Rxe2 19. Rxb7 Rc8 20.
Rd1 Rcc2 21. g3 Rg2+ 22. Kh1 Rxh2+ 23. Kg1 Rcg2+ 24. Kf1 Rxb2 25. Rxb2 Rxb2 26.
Ra1 a5 27. a4 Kg7 28. Ra3 Kg6 29. Ke1 h5 30. Kf1 e5 31. Kg1 Kg5 32. Kf1 h4 33.
gxh4+ Kxh4 34. Ke1 Kg3 35. Rc3 Ra2 36. Rc6 Kxf3 37. Rxf6+ Ke3 38. Kd1 Rd2+ 39.
Ke1 Rd7 40. Ra6 Kxe4 41. Rxa5 Rd3 42. Ke2 Ra3 43. Kd2 f5 44. Kc2 f4 45. Kb2 Rd3
46. Ra8 f3 47. Rf8 Ke3 48. a5 Rd5 49. a6 Ra5 50. Rf6 f2 51. Kb3 Rxa6 0-1

[Event "Frankfurt Ch 2009"]
[Site "Ffm-Kalbach, LAZ"]
[Date "2009.04.27"]
[Round "1.7"]
[White "Solonar, Stefan"]
[Black "Khalimov, Khayot"]
[Result "1-0"]
[WhiteElo "2371"]
[BlackElo "1758"]
[PlyCount "43"]
[EventDate "2009.??.??"]
[WhiteTeam "SC Heusenstamm"]
[BlackTeam "SVG Eppstein 1932"]

1. c4 g6 2. e4 d6 3. d4 Bg7 4. Nf3 Nd7 5. Nc3 c5 6. Be2 Qb6 7. O-O cxd4 8. Nd5
Qd8 9. Nxd4 Ngf6 10. Nc3 Nc5 11. f3 Qb6 12. Be3 Bd7 13. Nb3 Rd8 14. e5 Nh5 15.
Nd5 Qc6 16. Nxe7 Qa4 17. exd6 Nxb3 18. axb3 Qb4 19. Rxa7 Nf4 20. Nd5 Nxe2+ 21.
Qxe2 Qxd6 22. Bf4+ 1-0

[Event "Frankfurt Ch 2009"]
[Site "Ffm-Kalbach, LAZ"]
[Date "2009.04.27"]
[Round "1.8"]
[White "Enders, Georg"]
[Black "Klundt, Klaus"]
[Result "0-1"]
[WhiteElo "2011"]
[BlackElo "2347"]
[PlyCount "64"]
[EventDate "2009.??.??"]
[WhiteTeam "SC Nidderau"]
[BlackTeam "SF Burgsinn"]

1. e4 c5 2. Nf3 Nc6 3. Bb5 d6 4. Nc3 e5 5. h3 Nf6 6. d3 Be7 7. O-O O-O 8. a3
Bd7 9. Bc4 Nd4 10. Nxd4 cxd4 11. Ne2 Rc8 12. Ng3 Be6 13. Ba2 Qc7 14. Bb1 d5 15.
f3 Rfe8 16. Bd2 Nd7 17. exd5 Bxd5 18. Ne4 f5 19. Nf2 Nf6 20. c4 dxc3 21. Bxc3
Rcd8 22. Bc2 Bc5 23. Ba4 Re7 24. Rc1 Qb6 25. Qe1 Qd6 26. Kh1 Nh5 27. Nd1 e4 28.
f4 exd3 29. Be5 Qg6 30. Rf3 Bxf3 31. gxf3 d2 32. Bb3+ Kf8 0-1

[Event "Frankfurt Ch 2009"]
[Site "Ffm-Kalbach, LAZ"]
[Date "2009.04.27"]
[Round "1.9"]
[White "Schlamp, Robert"]
[Black "Plattner, Rolf"]
[Result "1-0"]
[WhiteElo "2301"]
[BlackElo "1932"]
[PlyCount "89"]
[EventDate "2009.??.??"]
[WhiteTeam "SV Oberursel"]
[BlackTeam "SK Langen"]

1. e4 e6 2. d4 d5 3. Nc3 Bb4 4. Bd3 Ne7 5. Nf3 c5 6. O-O Bxc3 7. bxc3 c4 8. Be2
Nbc6 9. Ne5 O-O 10. Nxc6 Nxc6 11. Bf3 Qa5 12. Bd2 Bd7 13. Re1 Rfe8 14. Re3 Ne7
15. Qb1 Bc6 16. Qb2 Qc7 17. Rae1 dxe4 18. Bxe4 Bxe4 19. Rxe4 Nd5 20. Re5 Qc6
21. Qc1 b5 22. Qd1 a5 23. Qg4 Nf6 24. Qh4 Nd5 25. Rg5 e5 26. dxe5 Re6 27. f4
Rae8 28. Qg3 Rg6 29. f5 Rxg5 30. Bxg5 Kf8 31. h4 Qc5+ 32. Kh2 Nc7 33. Bf4 Nd5
34. Bd2 f6 35. h5 h6 36. Re4 fxe5 37. Rg4 Re7 38. Bxh6 Qc7 39. Bg5 Rf7 40. h6
gxh6 41. Bxh6+ Ke8 42. Rg8+ Kd7 43. Qg6 e4+ 44. g3 Rf6 45. Rg7+ 1-0

[Event "Frankfurt Ch 2009"]
[Site "Ffm-Kalbach, LAZ"]
[Date "2009.04.27"]
[Round "1.10"]
[White "Ickert, Bernd"]
[Black "Isserman, Ryhor"]
[Result "0-1"]
[WhiteElo "1732"]
[BlackElo "2266"]
[PlyCount "94"]
[EventDate "2009.??.??"]
[WhiteTeam "SC Matt im Park Ffm"]
[BlackTeam "SK Bad Homburg 1927"]

1. e4 c5 2. Nf3 Nc6 3. d4 cxd4 4. Nxd4 Nf6 5. Nc3 d6 6. Bg5 Qa5 7. Be3 Nxe4 8.
Nb3 Nxc3 9. Qd2 Qe5 10. bxc3 g6 11. f4 Qf6 12. Bb5 Bg7 13. Bd4 e5 14. fxe5 dxe5
15. Bc5 Qh4+ 16. Qf2 Qxf2+ 17. Kxf2 Bd7 18. Rad1 a6 19. Bc4 O-O-O 20. Bb6 Bg4
21. Rxd8+ Nxd8 22. Nc5 Bf8 23. Ne4 Be7 24. Bd5 Bd7 25. c4 Nc6 26. c3 Re8 27. c5
Rf8 28. Ke3 f5 29. Nd6+ Kb8 30. Rb1 Bxd6 31. cxd6 g5 32. c4 h5 33. g3 Kc8 34.
a4 Rh8 35. Rg1 Nb4 36. Rd1 Bxa4 37. Be6+ Bd7 38. Bd5 h4 39. Ba5 Nc2+ 40. Kd3
Nd4 41. Bb6 Nc6 42. Rg1 hxg3 43. Rxg3 g4 44. Bg1 f4 45. Rg2 Bf5+ 46. Kd2 e4 47.
Bxc6 e3+ 0-1

[Event "Frankfurt Ch 2009"]
[Site "Ffm-Kalbach, LAZ"]
[Date "2009.04.27"]
[Round "1.11"]
[White "Zuyev, Igor"]
[Black "Löhr, Holger"]
[Result "1-0"]
[WhiteElo "2308"]
[BlackElo "1730"]
[PlyCount "107"]
[EventDate "2009.??.??"]
[WhiteTeam "SC Ladja Roßdorf"]
[BlackTeam "Sfr. Braunfels e.V."]

1. e4 e6 2. d4 d5 3. Nc3 Bb4 4. e5 c5 5. a3 Bxc3+ 6. bxc3 Ne7 7. a4 Qa5 8. Qd2
cxd4 9. cxd4 Qxd2+ 10. Bxd2 Nbc6 11. Nf3 O-O 12. Bb5 Bd7 13. O-O Rac8 14. Rfb1
b6 15. Ba6 Rc7 16. Bd3 Bc8 17. c3 Bb7 18. Ng5 h6 19. Nf3 Na5 20. h4 Rfc8 21. h5
Nec6 22. Nh4 Nb8 23. Bc2 Ba6 24. Nf3 Nc4 25. Bc1 Nc6 26. Bd3 N6a5 27. Bf4 Bb7
28. Rb5 Bc6 29. Rb4 Bd7 30. Nh2 Nc6 31. Rbb1 N6a5 32. Ng4 Be8 33. Rb4 Nc6 34.
Rb5 N6a5 35. Rbb1 Bd7 36. Kh2 Be8 37. Bc2 Bd7 38. Ra2 Nc6 39. Bd3 N6a5 40. Bg3
Nb7 41. f4 Nba5 42. Bf2 Rf8 43. Bh4 Bc6 44. f5 exf5 45. Bxf5 Bd7 46. Bxd7 Rxd7
47. Rf2 Nc6 48. Rbf1 Nd8 49. Kh3 Ne6 50. Kg3 Rc7 51. Kh2 Na5 52. Ne3 Rxc3 53.
Nxd5 Ra3 54. Be7 1-0

[Event "Frankfurt Ch 2009"]
[Site "Ffm-Kalbach, LAZ"]
[Date "2009.04.27"]
[Round "1.12"]
[White "Tews, Artur"]
[Black "Brüggemann, Ludger"]
[Result "0-1"]
[WhiteElo "1729"]
[BlackElo "2211"]
[PlyCount "140"]
[EventDate "2009.??.??"]
[WhiteTeam "Bad Vilbeler Sfr.1985"]
[BlackTeam "Sfr. Olfen 1975"]

1. c4 Nf6 2. Nc3 g6 3. e4 d6 4. d3 Bg7 5. h3 O-O 6. Nge2 e5 7. g3 Be6 8. Bg2 c6
9. O-O Qd7 10. Kh2 Ne8 11. f4 f5 12. exf5 gxf5 13. Rb1 Nf6 14. b4 e4 15. Bb2
exd3 16. Qxd3 Na6 17. a3 Qf7 18. Rfc1 Bxc4 19. Qxf5 Be6 20. Qg5 h6 21. Qh4 Bf5
22. Ra1 Nd5 23. Bxd5 cxd5 24. Rd1 Kh7 25. g4 Bc2 26. Rd2 Bb3 27. Qg3 Bc4 28.
Na4 Rae8 29. Nd4 Qxf4 30. Qxf4 Rxf4 31. Nf5 Be5 32. Bxe5 dxe5 33. Nd6 Re7 34.
Nb2 Bb3 35. Nf5 Re6 36. Nd3 Rc4 37. Re1 Rc2 38. Rxc2 Bxc2 39. Nxe5 Be4 40. Nd3
Rc6 41. Nf4 Rc2+ 42. Kg3 Rc3+ 43. Kh4 Rxa3 44. b5 Nc5 45. Ne7 d4 46. Rc1 Rc3
47. Ra1 a6 48. bxa6 bxa6 49. Rf1 Rf3 50. Rxf3 Bxf3 51. Kg3 Be4 52. Kf2 a5 53.
Ned5 Kg7 54. Ke2 a4 55. Nb4 Nb3 56. h4 a3 57. Kd1 Bb1 58. Ne6+ Kf6 59. Nf4 a2
60. Nxa2 Bxa2 61. Kc2 Nc5 62. Nh5+ Ke5 63. g5 hxg5 64. hxg5 Kf5 65. Ng3+ Kxg5
66. Nf1 Kf4 67. Kb2 Bd5 68. Nd2 Ke3 69. Kc1 Nb3+ 70. Nxb3 Bxb3 0-1

[Event "Frankfurt Ch 2009"]
[Site "Ffm-Kalbach, LAZ"]
[Date "2009.04.27"]
[Round "1.13"]
[White "Prudlo, Simon"]
[Black "Kraus, Eduard"]
[Result "1-0"]
[WhiteElo "2238"]
[BlackElo "1893"]
[PlyCount "79"]
[EventDate "2009.??.??"]
[WhiteTeam "vereinslos"]
[BlackTeam "SV Bergwinkel"]

1. e4 c6 2. c4 d5 3. cxd5 cxd5 4. exd5 Qxd5 5. Nc3 Qd6 6. d4 Nf6 7. Nf3 e6 8.
Bd3 Be7 9. O-O O-O 10. Bc2 Nc6 11. a3 a6 12. Qd3 Rd8 13. Be3 g6 14. Rad1 b5 15.
Bg5 Bb7 16. Rfe1 Rac8 17. Ne4 Nxe4 18. Qxe4 Na5 19. d5 Bxd5 20. Rxd5 exd5 21.
Qxe7 Qxe7 22. Bxe7 Re8 23. Bd3 Nc4 24. Bxc4 dxc4 25. Bb4 Rxe1+ 26. Bxe1 f6 27.
Kf1 Re8 28. Nd4 Kf7 29. f3 Ke7 30. Bb4+ Kd7 31. Kf2 Re5 32. g4 Re8 33. h4 Re5
34. Bc3 Rd5 35. Ke2 Kd6 36. Nc2 Ke7 37. Nb4 Rd6 38. f4 Ke6 39. Nc2 Ke7 40. Bb4
1-0

[Event "Frankfurt Ch 2009"]
[Site "Ffm-Kalbach, LAZ"]
[Date "2009.04.27"]
[Round "1.14"]
[White "Budde, Michael"]
[Black "Rapoport, Vladimir"]
[Result "0-1"]
[WhiteElo "1728"]
[BlackElo "2296"]
[PlyCount "117"]
[EventDate "2009.??.??"]
[WhiteTeam "SC 1979 Hattersheim"]
[BlackTeam "SC Heusenstamm"]

1. d4 Nf6 2. c4 g6 3. Nc3 Bg7 4. e4 O-O 5. e5 Ne8 6. Nf3 d6 7. Bf4 Bg4 8. Be2
Nc6 9. O-O dxe5 10. Nxe5 Bxe2 11. Nxe2 Nxe5 12. Bxe5 Bxe5 13. dxe5 c6 14. Qc2
Ng7 15. Rad1 Qa5 16. Rd7 Qxe5 17. Rxb7 Nf5 18. Rd1 Nd6 19. Rb3 Qc5 20. Rc3 Rad8
21. Rcd3 a5 22. Qa4 Rb8 23. Nd4 Rxb2 24. Qxc6 Qe5 25. Qd5 Qf4 26. Rf3 Rd2 27.
Rxd2 Qxd2 28. h4 Qxa2 29. Nc6 Qa1+ 30. Kh2 Nf5 31. g4 e6 32. Qxa5 Qxa5 33. Nxa5
Nxh4 34. Rh3 g5 35. c5 Ng6 36. c6 Nf4 37. Rc3 Nd5 38. Rc5 Rc8 39. Nc4 Rc7 40.
Kg3 h6 41. Kf3 Kf8 42. Ke4 Ke7 43. Na5 Ra7 44. Kd4 Nc7 45. Ke4 Ne8 46. c7 Rxc7
47. Rxc7+ Nxc7 48. Nc4 Nb5 49. Ne3 Nd6+ 50. Kd3 f5 51. f3 Kf6 52. Ke2 Nf7 53.
Kf2 Ne5 54. Kg2 Nd3 55. Nc4 Nf4+ 56. Kg3 h5 57. gxf5 exf5 58. Kf2 h4 59. Ne3
0-1

[Event "Frankfurt Ch 2009"]
[Site "Ffm-Kalbach, LAZ"]
[Date "2009.04.27"]
[Round "1.15"]
[White "Uwira, Oliver"]
[Black "Rehn, Hans Peter"]
[Result "1-0"]
[WhiteElo "2286"]
[BlackElo "1726"]
[PlyCount "35"]
[EventDate "2009.??.??"]
[WhiteTeam "SC 1961 König Nied"]
[BlackTeam "SK Gründau"]

1. e4 d6 2. d4 Nf6 3. Nc3 g6 4. h3 Bg7 5. Nge2 c5 6. dxc5 Qa5 7. cxd6 Nxe4 8.
Qd5 Nc5 9. Be3 Nba6 10. Nd4 Nb4 11. Bb5+ Qxb5 12. Ndxb5 Bxc3+ 13. Nxc3 Nxd5 14.
Nxd5 Na6 15. Nxe7 Be6 16. Bd4 Kd7 17. Bxh8 Rxh8 18. O-O-O 1-0

[Event "Frankfurt Ch 2009"]
[Site "Ffm-Kalbach, LAZ"]
[Date "2009.04.27"]
[Round "1.16"]
[White "Bittner, Peter"]
[Black "Sadeghi, Behrang"]
[Result "0-1"]
[WhiteElo "1960"]
[BlackElo "2283"]
[PlyCount "106"]
[EventDate "2009.??.??"]
[WhiteTeam "SC Brett vor'm Kopp Ffm"]
[BlackTeam "Sfr.1891 Friedberg"]

1. d3 d5 2. Nf3 c5 3. e3 Nc6 4. Be2 e5 5. c4 Nf6 6. cxd5 Nxd5 7. Nc3 Nc7 8. b3
Be6 9. Bb2 Be7 10. O-O O-O 11. Rc1 f6 12. Ne4 b6 13. Ne1 Qd7 14. Nc2 Rfd8 15.
Qe1 Rac8 16. Rd1 Qe8 17. f4 Nd5 18. f5 Bf7 19. Qg3 Kh8 20. Kh1 Ncb4 21. Nxb4
cxb4 22. Rc1 Rxc1 23. Rxc1 Rc8 24. Qf2 Rxc1+ 25. Bxc1 Qc8 26. Qf1 Nc3 27. Nxc3
bxc3 28. d4 Bd6 29. Bc4 Be8 30. Be6 Qc7 31. Qc4 exd4 32. Qxc7 Bxc7 33. exd4 Bd6
34. Kg1 b5 35. a3 a5 36. Kf2 g6 37. g4 Bxh2 38. Ke3 g5 39. Kd3 b4 40. Kc4 Bd6
41. axb4 axb4 42. Bd5 h5 43. gxh5 Bxh5 44. Kd3 Kg7 45. Be3 Bd1 46. Be6 Bf3 47.
Bc4 g4 48. Kc2 g3 49. Bg1 Kh6 50. Bd3 Kg5 51. Kc1 Kf4 52. Bc2 Be4 53. Bd1 Kxf5
0-1

[Event "Frankfurt Ch 2009"]
[Site "Ffm-Kalbach, LAZ"]
[Date "2009.04.27"]
[Round "1.18"]
[White "Moranda, Katarzyna"]
[Black "Henrich, Thomas"]
[Result "1-0"]
[WhiteElo "1841"]
[BlackElo "2209"]
[PlyCount "73"]
[EventDate "2009.??.??"]
[WhiteTeam "vereinslos"]
[BlackTeam "SK 1858 Gießen"]

1. d4 Nf6 2. c4 g6 3. Nc3 d5 4. e3 Bg7 5. Nf3 O-O 6. Bd3 dxc4 7. Bxc4 Nfd7 8.
O-O Nb6 9. Bb3 Nc6 10. h3 e5 11. d5 Na5 12. Bc2 Nac4 13. e4 Qe7 14. a4 a5 15.
b3 Nd6 16. Ba3 Bd7 17. Qd2 f5 18. Rfe1 fxe4 19. Nxe4 Bxh3 20. Bxd6 cxd6 21.
gxh3 Rxf3 22. Qg5 Qf8 23. Qg4 Rf5 24. Ng5 Rf6 25. Ne6 Qf7 26. Qh4 h6 27. Be4 g5
28. Qg3 Rf4 29. Rac1 Rxe4 30. Rxe4 Nxd5 31. Nxg7 Kxg7 32. h4 Qf5 33. Rg4 Nf4
34. Rc7+ Kg6 35. Qf3 e4 36. h5+ Kxh5 37. Rxf4+ 1-0

[Event "Frankfurt Ch 2009"]
[Site "Ffm-Kalbach, LAZ"]
[Date "2009.04.27"]
[Round "1.19"]
[White "Reschke, Thomas"]
[Black "Geipert, Wilfried"]
[Result "1-0"]
[WhiteElo "2222"]
[BlackElo "1716"]
[PlyCount "42"]
[EventDate "2009.??.??"]
[WhiteTeam "SC Frankfurt-West"]
[BlackTeam "SC Brett vor'm Kopp Ffm"]

1. c4 Nf6 2. g3 c5 3. Bg2 d6 4. Nc3 e6 5. e4 Nc6 6. a3 g6 7. Rb1 Bg7 8. Nge2
O-O 9. O-O Qe7 10. d3 Bd7 11. f4 Rfd8 12. f5 exf5 13. Bg5 Qe5 14. Qd2 fxe4 15.
dxe4 Be8 16. Rbe1 Ne7 17. Qf4 Qxf4 18. Rxf4 Nh5 19. Bxe7 Nxf4 20. gxf4 Rd7 21.
Nd5 f5 1-0

[Event "Frankfurt Ch 2009"]
[Site "Ffm-Kalbach, LAZ"]
[Date "2009.04.27"]
[Round "1.20"]
[White "Nagel, Norbert"]
[Black "Schwenkreis, Thomas"]
[Result "0-1"]
[WhiteElo "1715"]
[BlackElo "2041"]
[PlyCount "70"]
[EventDate "2009.??.??"]
[WhiteTeam "SC Bad Nauheim"]
[BlackTeam "SV Oberursel"]

1. g3 e5 2. Bg2 Nc6 3. c4 Bc5 4. Nc3 Nf6 5. e3 O-O 6. Nge2 Re8 7. O-O e4 8. f3
exf3 9. Bxf3 Ne5 10. b3 Nxf3+ 11. Rxf3 d5 12. d4 Bf8 13. Qd3 c6 14. Nf4 g6 15.
cxd5 cxd5 16. Bd2 a6 17. Qf1 Bf5 18. Re1 b5 19. Nfxd5 Nxd5 20. e4 Nxc3 21. Bxc3
Bxe4 22. Rxf7 Qd5 23. Rf2 Bg7 24. Rd2 Rac8 25. Bb2 Bh6 26. Rde2 Rf8 27. Qh3 Bd3
28. Re5 Qf3 29. d5 Rc2 30. Qe6+ Qf7 31. Qxf7+ Rxf7 32. Ba1 Bf8 33. Re8 Bf5 34.
d6 Bh3 35. Ra8 Rcf2 0-1

[Event "Frankfurt Ch 2009"]
[Site "Ffm-Kalbach, LAZ"]
[Date "2009.04.27"]
[Round "1.21"]
[White "Schreiner, Roland"]
[Black "Rausch, Wolfgang"]
[Result "1-0"]
[WhiteElo "2153"]
[BlackElo "1730"]
[PlyCount "105"]
[EventDate "2009.??.??"]
[WhiteTeam "SC Heusenstamm"]
[BlackTeam "VSG 1880 Offenbach"]

1. d4 Nf6 2. c4 e6 3. Nf3 d5 4. e3 Be7 5. Nc3 O-O 6. Bd3 dxc4 7. Bxc4 c5 8. O-O
Nc6 9. Bd3 cxd4 10. exd4 b6 11. Be3 Bb7 12. Rc1 a6 13. Qe2 Nb4 14. Bb1 Nbd5 15.
Ne5 Rc8 16. Ne4 Nxe3 17. Qxe3 Qd5 18. f3 Qb5 19. b3 Nd5 20. Qd2 f6 21. Nc4 Qd7
22. Kh1 Bb4 23. Qf2 f5 24. Ng5 h6 25. Ne5 Qd6 26. Nh3 Rfe8 27. Ng1 f4 28. Nc4
Qf8 29. Qc2 Qf6 30. Qh7+ Kf8 31. Ne5 Ke7 32. Ne2 Bd2 33. Rxc8 Rxc8 34. Ng4 Qg5
35. Bg6 Kd6 36. Qxg7 Rc7 37. Qe5+ Qxe5 38. dxe5+ Ke7 39. Rd1 Bb4 40. Nxh6 Ne3
41. Rb1 Nd5 42. Be4 Bd2 43. Ng4 Ne3 44. Bxb7 Nxg4 45. fxg4 Rxb7 46. Rf1 Rc7 47.
h4 Rc2 48. Nxf4 Be3 49. h5 Rf2 50. Rxf2 Bxf2 51. Kh2 Kf7 52. Kh3 Be3 53. Kg3
1-0

[Event "Frankfurt Ch 2009"]
[Site "Ffm-Kalbach, LAZ"]
[Date "2009.04.27"]
[Round "1.22"]
[White "Haftmann, Rainer"]
[Black "Kosak, Michael"]
[Result "0-1"]
[WhiteElo "1876"]
[BlackElo "2128"]
[PlyCount "100"]
[EventDate "2009.??.??"]
[WhiteTeam "SG 1945 Dietzenbach"]
[BlackTeam "SK 1858 Gießen"]

1. e4 c5 2. Nf3 e6 3. d4 cxd4 4. Nxd4 Nc6 5. a3 Qc7 6. Be3 Nf6 7. Nc3 a6 8. Be2
Be7 9. O-O O-O 10. f4 d6 11. Qd2 Bd7 12. Rad1 Rac8 13. Bf3 Na5 14. Qf2 Nc4 15.
Bc1 Nxa3 16. e5 Ne8 17. Rd3 Nc4 18. Be4 dxe5 19. fxe5 Nxe5 20. Bf4 Nxd3 21.
Bxd3 Qb6 22. Be3 Qd8 23. Qf3 e5 24. Qe4 g6 25. Qxe5 Bf6 26. Qf4 Bg7 27. h4 Nf6
28. Qg5 Ng4 29. Nde2 Nxe3 30. Qxe3 Qxh4 31. Nd5 Rce8 32. Qf3 Bg4 33. Qf4 Be5
34. g3 Bxf4 35. gxh4 Be5 36. Nec3 Be6 37. Nf6+ Bxf6 38. Rxf6 Kg7 39. Rf4 Rd8
40. Kf2 h6 41. Ne4 Bf5 42. h5 Bxe4 43. Rxe4 Rfe8 44. Rb4 b5 45. hxg6 fxg6 46.
Rb3 Rd4 47. Rc3 Re6 48. Rc7+ Kf6 49. Rc8 Kg5 50. Rc5+ Kh4 0-1

[Event "Frankfurt Ch 2009"]
[Site "Ffm-Kalbach, LAZ"]
[Date "2009.04.27"]
[Round "1.23"]
[White "Holzschuh, Gerald"]
[Black "Wolff, Juergen"]
[Result "1/2-1/2"]
[WhiteElo "2150"]
[BlackElo "1693"]
[PlyCount "77"]
[EventDate "2009.??.??"]
[WhiteTeam "SC Bad Nauheim"]
[BlackTeam "SC 1933 Somborn"]

1. e4 e5 2. Nf3 Nc6 3. Bc4 Nf6 4. Ng5 d5 5. exd5 Na5 6. Bb5+ c6 7. dxc6 bxc6 8.
Be2 h6 9. Nf3 e4 10. Ne5 Bd6 11. d4 Qc7 12. f4 O-O 13. O-O c5 14. c3 Nc6 15.
Na3 cxd4 16. Nb5 Qb6 17. Nxd6 d3+ 18. Kh1 dxe2 19. Qxe2 Ba6 20. Ndc4 Qc7 21. b3
Nxe5 22. fxe5 Bxc4 23. Qxc4 Qxe5 24. Bf4 Qh5 25. Rae1 Rac8 26. Qe2 Qxe2 27.
Rxe2 Rc6 28. Be3 a6 29. Bd4 Rd8 30. Kg1 Re6 31. Bxf6 gxf6 32. Rf4 e3 33. Rd4
Rxd4 34. cxd4 Kf8 35. g3 Ke7 36. Kg2 Kd6 37. Kf3 Kd5 38. Rxe3 Kxd4 39. Re2
1/2-1/2

[Event "Frankfurt Ch 2009"]
[Site "Ffm-Kalbach, LAZ"]
[Date "2009.04.27"]
[Round "1.24"]
[White "Winter, Olaf"]
[Black "Drill, Frank"]
[Result "0-1"]
[WhiteElo "1674"]
[BlackElo "2133"]
[PlyCount "36"]
[EventDate "2009.??.??"]
[WhiteTeam "SK 1924 Pfungstadt"]
[BlackTeam "Sfr.Neuberg"]

1. c4 b6 2. d4 e6 3. e4 Bb7 4. f3 f5 5. exf5 Nh6 6. Bxh6 Qh4+ 7. g3 Qxh6 8.
fxe6 dxe6 9. a3 Bd6 10. Bg2 O-O 11. Qd3 Qc1+ 12. Qd1 Qxb2 13. Nd2 Qxd4 14. Ne2
Qe3 15. Nf1 Qh6 16. Qd2 Qf6 17. Ra2 Bxf3 18. Rg1 Bc5 0-1

[Event "Frankfurt Ch 2009"]
[Site "Ffm-Kalbach, LAZ"]
[Date "2009.04.27"]
[Round "1.25"]
[White "Czech, Ludwig"]
[Black "Jaklitsch, Albert"]
[Result "1-0"]
[WhiteElo "2085"]
[BlackElo "1670"]
[PlyCount "79"]
[EventDate "2009.??.??"]
[WhiteTeam "VSG 1880 Offenbach"]
[BlackTeam "vereinslos"]

1. c4 e5 2. g3 Nc6 3. Bg2 d6 4. Nc3 Bd7 5. e3 Rb8 6. Nge2 Nf6 7. d4 exd4 8.
exd4 Be7 9. O-O O-O 10. Re1 Re8 11. a3 a6 12. b3 Qc8 13. Bb2 Nd8 14. Qd2 c6 15.
Rac1 h6 16. a4 Ne6 17. Nf4 Nh7 18. Nxe6 fxe6 19. d5 e5 20. Ne4 c5 21. Ra1 b5
22. axb5 axb5 23. Bc3 b4 24. Bb2 Nf6 25. Ra7 Nxe4 26. Bxe4 Ra8 27. Rea1 Rxa7
28. Rxa7 Bg5 29. Qd3 Re7 30. h4 Bf6 31. Bc1 Qb8 32. Ra2 g5 33. h5 Rg7 34. Bg6
Be8 35. Qf5 Bxg6 36. hxg6 Be7 37. Be3 Qf8 38. Qe6+ Kh8 39. Ra7 Qe8 40. Rc7 {ZÜ}
1-0

[Event "Frankfurt Ch 2009"]
[Site "Ffm-Kalbach, LAZ"]
[Date "2009.04.27"]
[Round "1.26"]
[White "Schwabe, Michael"]
[Black "Janotta, Steffi"]
[Result "0-1"]
[WhiteElo "1896"]
[BlackElo "2027"]
[PlyCount "50"]
[EventDate "2009.??.??"]
[WhiteTeam "Chess Tigers SFV"]
[BlackTeam "SC Heusenstamm"]

1. Nf3 d5 2. c4 c6 3. d4 Nf6 4. e3 Bg4 5. h3 Bh5 6. Nc3 e6 7. Be2 Nbd7 8. O-O
Be7 9. Qb3 Qc7 10. Re1 O-O 11. Bd2 dxc4 12. Qxc4 Rac8 13. b4 Rfd8 14. a3 e5 15.
dxe5 Nxe5 16. Nxe5 Qxe5 17. Rad1 Rd7 18. Bxh5 Qxh5 19. Bc1 Rcd8 20. Rxd7 Rxd7
21. Ne2 Bd6 22. e4 Bc7 23. Bf4 Bb6 24. Ng3 Qh4 25. Qe2 Qxf4 0-1

[Event "Frankfurt Ch 2009"]
[Site "Ffm-Kalbach, LAZ"]
[Date "2009.04.27"]
[Round "1.27"]
[White "Kabir, Razaul"]
[Black "Arnold, Michael"]
[Result "1-0"]
[WhiteElo "2100"]
[BlackElo "1857"]
[PlyCount "89"]
[EventDate "2009.??.??"]
[WhiteTeam "Sfr. Frankfurt 1921"]
[BlackTeam "SK Langen"]

1. e4 d5 2. exd5 Qxd5 3. Nc3 Qd6 4. d4 Nf6 5. Bc4 a6 6. f3 Nc6 7. Nge2 Bf5 8.
Bf4 Qd7 9. Qd2 e6 10. h4 h5 11. O-O-O O-O-O 12. Qe3 Nb4 13. d5 Nbxd5 14. Qa7
Qc6 15. Bxd5 Nxd5 16. Be3 Bd6 17. Rxd5 exd5 18. Rd1 Rhe8 19. Rxd5 Re5 20. Nd4
Qe8 21. Nxf5 Rxd5 22. Nxd5 Qe5 23. Nxd6+ Rxd6 24. Nf4 Rb6 25. Kd2 Rd6+ 26. Nd3
Qxb2 27. Bc5 Rd5 28. a3 Qb5 29. Qa8+ Kd7 30. Qf8 Qc6 31. Qxf7+ Kc8 32. Be7 b6
33. Qxg7 Qc4 34. Qc3 Qf4+ 35. Ke2 Qg3 36. Kf1 Rb5 37. Nb4 a5 38. Qc6 Re5 39.
Qa8+ Kd7 40. Qd8+ Ke6 41. Nd3 Rb5 42. Bg5 Rb1+ 43. Nc1 Qd6 44. Qe8+ Kd5 45.
Qe4+ 1-0